Moderné technológie a autenticita vo výučbe cudzích jazykov

Vplyv moderných technológií na autenticitu vo výučbe cudzích jazykov. Komunikatívny prístup vo výučbe cudzích jazykov predpokladá autentickú komunikáciu ako hlavný motivačný prvok učenia sa cudzieho jazyka. Nové technológie ponúkajú nebývalé možnosti využitia autentickej komunikácie priamo vo výučbe...

Full description

Saved in:
Bibliographic Details
Main Author: Paté, Magdaléna, 1980-
Format: Book Chapter
Language:Slovak
Subjects:
Tags: Add Tag
No Tags, Be the first to tag this record!

MARC

LEADER 00000naa$a2200000$$$4500
001 0254376
005 20240502074050.8
041 0 |a slo 
044 |a SK 
245 1 0 |a Moderné technológie a autenticita vo výučbe cudzích jazykov  |c Magdaléna Paté 
520 |a Vplyv moderných technológií na autenticitu vo výučbe cudzích jazykov. Komunikatívny prístup vo výučbe cudzích jazykov predpokladá autentickú komunikáciu ako hlavný motivačný prvok učenia sa cudzieho jazyka. Nové technológie ponúkajú nebývalé možnosti využitia autentickej komunikácie priamo vo výučbe. Konkrétne príklady využitia moderných technológií vo výučbe. Zvýšenie autentickosti vo výučbe má za cieľ využitie takto získaných poznatkov v reálnom živote a tiež aktivizáciu učiacich sa. 
610 2 0 |a didaktika 
610 2 0 |a komunikácia 
610 2 0 |a jazyky cudzie 
610 2 0 |a technológie nové 
610 2 0 |a technológie informačné 
610 2 0 |a technológie komunikačné 
100 1 |a Paté, Magdaléna, 1980-